00681cam a2200241 a 4500001000800000005001700008008004100025010001700066020001500083020002200098040001800120041000800138080001600146082002000162100000700182101000800189245003900197504003000236906004500266942001200311999001700323952009900340278692520180315081227.0810226s1981 nyu b 001 0 eng  a 81001597  a0195029127 a0195029135 (pbk.) aDLCcDLCdDLC aeng a808.042 ELB00a808.042 ELB2191 a25 aEDU10aWriting with power :cPeter Elbow. aBibliography: p. 375-377. a7bcbccorignewd1eocipf19gy-gencatlg 2ddccBK c45138d45138 00102ddc4070a002b002d2018-03-15l0o808.042 ELBp002-3001682r2018-03-15w2018-03-15yBK